|
|
|
|
| LEADER |
01142nam a22003014a 4500 |
| 001 |
13359 |
| 003 |
BD-DhAAL |
| 005 |
20260513171808.0 |
| 008 |
150105s2002 enka b 001 0 eng |
| 010 |
|
|
|a 2008271103
|
| 020 |
|
|
|a 0747559783
|
| 040 |
|
|
|a BD-DhAAL
|c BD-DhAAL
|
| 050 |
0 |
0 |
|a HD38.15
|b .B878 2006
|
| 082 |
0 |
0 |
|a 658
|2 22
|
| 245 |
0 |
0 |
|a Business :
|b the ultimate resource /
|
| 260 |
|
|
|a London :
|b Bloomsbury,
|c c2002.
|
| 300 |
|
|
|a xxxvi, 2172 pages :
|b illustrations ;
|c 29 cm.
|
| 541 |
|
|
|e 13359
|
| 650 |
|
0 |
|a Management
|v Handbooks, manuals, etc.
|9 7090
|
| 650 |
|
0 |
|a Entrepreneurship.
|9 7019
|
| 650 |
|
0 |
|a Success in business.
|9 7091
|
| 650 |
|
0 |
|a Business
|v Terminology.
|9 7092
|
| 650 |
|
0 |
|a Industrial management.
|9 7093
|
| 650 |
|
0 |
|a Management
|x Philosophy.
|9 7094
|
| 942 |
|
|
|2 ddc
|c BK
|
| 999 |
|
|
|c 33383
|d 33383
|
| 952 |
|
|
|0 0
|1 0
|2 ddc
|4 0
|6 658_000000000000000_BUS
|7 0
|9 44621
|a BRACUL
|b BRACUL
|c GEN
|d 2015-01-05
|g 28406.20
|l 0
|o 658 BUS
|p 3010013359
|r 2015-01-05
|t 1
|w 0000-00-00
|y BK
|
| 952 |
|
|
|0 0
|1 0
|2 ddc
|4 0
|6 658_000000000000000_BUS
|7 0
|9 55212
|a SCL
|b SCL
|c GEN
|d 2015-08-13
|g 3100.00
|l 4
|m 1
|o 658 BUS
|p 3020004298
|r 2025-08-20
|s 2025-08-12
|t 2
|w 2015-08-13
|y BK
|